THE ACADEMIC WRITER: (Record no. 9423)
[ view plain ]
| 000 -LEADER | |
|---|---|
| fixed length control field | 00385nam a22001457a 4500 |
| 005 - DATE AND TIME OF LATEST TRANSACTION | |
| control field | 20260422114426.0 |
| 008 - FIXED-LENGTH DATA ELEMENTS--GENERAL INFORMATION | |
| fixed length control field | 260422b |||||||| |||| 00| 0 eng d |
| 020 ## - INTERNATIONAL STANDARD BOOK NUMBER | |
| International Standard Book Number | 0312452438 |
| 020 ## - INTERNATIONAL STANDARD BOOK NUMBER | |
| International Standard Book Number | 9780312452438 |
| 050 ## - LIBRARY OF CONGRESS CALL NUMBER | |
| Classification number | PE1408 |
| Item number | .E297 EDE |
| 100 ## - MAIN ENTRY--PERSONAL NAME | |
| Personal name | EDE LISA |
| 245 ## - TITLE STATEMENT | |
| Title | THE ACADEMIC WRITER: |
| Remainder of title | A BRIEF GUIDE/ |
| Statement of responsibility, etc. | LISA EDE |
| 260 ## - PUBLICATION, DISTRIBUTION, ETC. | |
| Place of publication, distribution, etc. | BEDFORD |
| Name of publisher, distributor, etc. | ST. MARTIN'S |
| Date of publication, distribution, etc. | 2008 |
| 942 ## - ADDED ENTRY ELEMENTS (KOHA) | |
| Source of classification or shelving scheme | Library of Congress Classification |
| Koha item type | Books |
| Suppress in OPAC | No |
| 999 ## - | |
| -- | 9423 |
| -- | 9423 |
| Withdrawn status | Lost status | Source of classification or shelving scheme | Damaged status | Not for loan | Collection | Home library | Current library | Shelving location | Date acquired | Total checkouts | Full call number | Barcode | Date last seen | Copy number | Price effective from | Koha item type |
|---|---|---|---|---|---|---|---|---|---|---|---|---|---|---|---|---|
| Library of Congress Classification | Non-fiction | Business Library (Miotso) | Business Library (Miotso) | General stacks | 03/27/2026 | PE1408 .E297 EDE | BSSM00003423 | 04/22/2026 | 1 | 03/27/2026 | Books |